MARC details
| 000 -LEADER |
| fixed length control field |
05593cam a2200685Mi 4500 |
| 003 - CONTROL NUMBER IDENTIFIER |
| control field |
PHURS |
| 005 - DATE AND TIME OF LATEST TRANSACTION |
| control field |
20221125083425.0 |
| 008 - FIXED-LENGTH DATA ELEMENTS--GENERAL INFORMATION |
| fixed length control field |
210421t20212021gw fod z000 0 eng d |
| 040 ## - CATALOGING SOURCE |
| Original cataloging agency |
DEGRU |
| Language of cataloging |
eng |
| Description conventions |
rda |
| Transcribing agency |
DEGRU |
| Modifying agency |
N$T |
| -- |
OCLCO |
| -- |
N$T |
| -- |
OCLCO |
| -- |
OCLCF |
| -- |
JSTOR |
| 020 ## - INTERNATIONAL STANDARD BOOK NUMBER |
| International Standard Book Number |
3839456746 |
| 020 ## - INTERNATIONAL STANDARD BOOK NUMBER |
| International Standard Book Number |
9783839456743 |
| Qualifying information |
(electronic bk.) |
| 044 ## - COUNTRY OF PUBLISHING/PRODUCING ENTITY CODE |
| MARC country code |
gw |
| ISO country code |
DE |
| 050 #4 - LIBRARY OF CONGRESS CALL NUMBER |
| Classification number |
HM701 |
| 100 1# - MAIN ENTRY--PERSONAL NAME |
| Personal name |
Baraldi, Claudio, |
| Relator term |
author. |
| Relator code |
aut |
| -- |
http://id.loc.gov/vocabulary/relators/aut |
| 245 10 - TITLE STATEMENT |
| Title |
Unlocking Luhmann : |
| Remainder of title |
A Keyword Introduction to Systems Theory / |
| Statement of responsibility, etc. |
Elena Esposito, Giancarlo Corsi, Claudio Baraldi. |
| 264 #1 - PRODUCTION, PUBLICATION, DISTRIBUTION, MANUFACTURE, AND COPYRIGHT NOTICE |
| Place of production, publication, distribution, manufacture |
Bielefeld : |
| Name of producer, publisher, distributor, manufacturer |
Bielefeld University Press, |
| Date of production, publication, distribution, manufacture, or copyright notice |
[2021] |
| 264 #4 - PRODUCTION, PUBLICATION, DISTRIBUTION, MANUFACTURE, AND COPYRIGHT NOTICE |
| Date of production, publication, distribution, manufacture, or copyright notice |
©2021 |
| 300 ## - PHYSICAL DESCRIPTION |
| Extent |
1 online resource (276 p.) |
| 336 ## - CONTENT TYPE |
| Content type term |
text |
| Content type code |
txt |
| Source |
rdacontent |
| 337 ## - MEDIA TYPE |
| Media type term |
computer |
| Media type code |
c |
| Source |
rdamedia |
| 338 ## - CARRIER TYPE |
| Carrier type term |
online resource |
| Carrier type code |
cr |
| Source |
rdacarrier |
| 505 00 - FORMATTED CONTENTS NOTE |
| Title |
Frontmatter -- |
| -- |
Contents -- |
| -- |
Preface to the English Edition -- |
| -- |
Foreword to the Italian Edition -- |
| -- |
Introduction -- |
| -- |
Ways to Read this Book -- |
| -- |
Art System (Kunstsystem) -- |
| -- |
Asymmetrization (Asymmetrisierung) -- |
| -- |
Attribution (Zurechnung) -- |
| -- |
Autopoiesis -- |
| -- |
Code -- |
| -- |
Communication (Kommunikation) -- |
| -- |
Complexity (Komplexität) -- |
| -- |
Conflict (Konflikt) -- |
| -- |
Constructivism (Konstruktivismus) -- |
| -- |
Differentiation (Differenzierung/Ausdifferenzierung) -- |
| -- |
Differentiation of Society (Differenzierung der Gesellschaft) -- |
| -- |
Dissemination Media (Verbreitungsmedien) -- |
| -- |
Double Contingency (Doppelte Kontingenz) -- |
| -- |
Economic System (Wirtschaftssystem) -- |
| -- |
Education System (Erziehungssystem) -- |
| -- |
Event (Ereignis) -- |
| -- |
Evolution -- |
| -- |
Expectations (Erwartungen) -- |
| -- |
Functional Analysis (Funktionale Analyse) -- |
| -- |
Identity/Difference (Identität/Differenz) -- |
| -- |
Inclusion/Exclusion (Inklusion/Exklusion) -- |
| -- |
Information -- |
| -- |
Interaction (Interaktion) -- |
| -- |
Interpenetration and Structural Coupling (Interpenetration und strukturelle Kopplung) -- |
| -- |
Language (Sprache) -- |
| -- |
Legal System (Rechtssystem) -- |
| -- |
Love (Liebe) -- |
| -- |
Mass media (Massenmedien) -- |
| -- |
Meaning (Sinn) -- |
| -- |
Meaning Dimensions (Sinndimensionen) -- |
| -- |
Medical System (Krankensystem) -- |
| -- |
Medium/Form -- |
| -- |
Morality (Moral) -- |
| -- |
Negation -- |
| -- |
Operation/Observation (Operation/Beobachtung) -- |
| -- |
Organization (Organisation) -- |
| -- |
Paradox (Paradoxie) -- |
| -- |
Political System (Politisches System) -- |
| -- |
Power (Macht) -- |
| -- |
Process (Prozess) -- |
| -- |
Program (Programm) -- |
| -- |
Property/Money (Eigentum/Geld) -- |
| -- |
Protest -- |
| -- |
Psychic Systems (Psychische Systeme) -- |
| -- |
Rationality (Rationalität) -- |
| -- |
Redundancy/Variety (Redundanz/Varietät) -- |
| -- |
Re-entry -- |
| -- |
Religious System (Religionssystem) -- |
| -- |
Risk/Danger (Risiko/Gefahr) -- |
| -- |
Scientific System (Wissenschaftssystem) -- |
| -- |
Self-description (Selbstbeschreibung) -- |
| -- |
Self-Reference (Selbstreferenz) -- |
| -- |
Semantics (Semantik) -- |
| -- |
Social System (Soziales System) -- |
| -- |
Society (Gesellschaft) -- |
| -- |
Sociological Enlightenment (Soziologische Aufklärung) -- |
| -- |
Structure (Struktur) -- |
| -- |
Symbolically Generalized Media (Symbolisch generalisierte Kommunikationsmedien) -- |
| -- |
System/Environment (System/Umwelt) -- |
| -- |
System of Families (System der Familien) -- |
| -- |
Time (Zeit) -- |
| -- |
Truth (Wahrheit) -- |
| -- |
Values (Werte) -- |
| -- |
World (Welt) -- |
| -- |
World Society (Weltgesellschaft) -- |
| -- |
List of Luhmann's works |
| 520 ## - SUMMARY, ETC. |
| Summary, etc. |
Luhmann's theory is fascinating and complex. It offers incomparably enlightening insights, references and research opportunities, but reveals its utility only after a quite high competence threshold. Using the reticular form of the glossary, this book makes the theory accessible while maintaining its complexity. Without being obstructed by knowledge gaps or by references to concepts presented elsewhere, readers inside and outside sociology get the required support to explore sociological systems theory and to engage with it. Luhmann himself, in his introduction, praises the form of the glossary to cope with the challenges of the theoretical description of our highly complex society. |
| 546 ## - LANGUAGE NOTE |
| Language note |
In English. |
| 588 0# - SOURCE OF DESCRIPTION NOTE |
| Source of description note |
Description based on online resource; title from PDF title page (publisher's Web site, viewed 21. Apr 2021). |
| 506 0# - RESTRICTIONS ON ACCESS NOTE |
| Institution to which field applies |
EbpS |
| 590 ## - LOCAL NOTE (RLIN) |
| Local note |
JSTOR |
| Provenance (VM) [OBSOLETE] |
Books at JSTOR Open Access |
| 650 #0 - SUBJECT ADDED ENTRY--TOPICAL TERM |
| Topical term or geographic name entry element |
Social systems. |
| 650 #0 - SUBJECT ADDED ENTRY--TOPICAL TERM |
| Topical term or geographic name entry element |
System theory. |
| 650 #0 - SUBJECT ADDED ENTRY--TOPICAL TERM |
| Topical term or geographic name entry element |
Social sciences. |
| 650 #4 - SUBJECT ADDED ENTRY--TOPICAL TERM |
| Topical term or geographic name entry element |
Bielefeld University Press. |
| 650 #4 - SUBJECT ADDED ENTRY--TOPICAL TERM |
| Topical term or geographic name entry element |
Communication Theory. |
| 650 #4 - SUBJECT ADDED ENTRY--TOPICAL TERM |
| Topical term or geographic name entry element |
Complexity. |
| 650 #4 - SUBJECT ADDED ENTRY--TOPICAL TERM |
| Topical term or geographic name entry element |
Social Relations. |
| 650 #4 - SUBJECT ADDED ENTRY--TOPICAL TERM |
| Topical term or geographic name entry element |
Society. |
| 650 #4 - SUBJECT ADDED ENTRY--TOPICAL TERM |
| Topical term or geographic name entry element |
Systems Theory. |
| 650 #4 - SUBJECT ADDED ENTRY--TOPICAL TERM |
| Topical term or geographic name entry element |
Theory of Society. |
| 650 #7 - SUBJECT ADDED ENTRY--TOPICAL TERM |
| Topical term or geographic name entry element |
SOCIAL SCIENCE / Sociology / General. |
| 650 #7 - SUBJECT ADDED ENTRY--TOPICAL TERM |
| Topical term or geographic name entry element |
Social sciences. |
| 650 #7 - SUBJECT ADDED ENTRY--TOPICAL TERM |
| Topical term or geographic name entry element |
Social systems. |
| 650 #7 - SUBJECT ADDED ENTRY--TOPICAL TERM |
| Topical term or geographic name entry element |
System theory. |
| 653 ## - INDEX TERM--UNCONTROLLED |
| Uncontrolled term |
Bielefeld University Press. |
| 653 ## - INDEX TERM--UNCONTROLLED |
| Uncontrolled term |
Communication Theory. |
| 653 ## - INDEX TERM--UNCONTROLLED |
| Uncontrolled term |
Complexity. |
| 653 ## - INDEX TERM--UNCONTROLLED |
| Uncontrolled term |
Social Relations. |
| 653 ## - INDEX TERM--UNCONTROLLED |
| Uncontrolled term |
Society. |
| 653 ## - INDEX TERM--UNCONTROLLED |
| Uncontrolled term |
Systems Theory. |
| 653 ## - INDEX TERM--UNCONTROLLED |
| Uncontrolled term |
Theory of Society. |
| 655 #4 - INDEX TERM--GENRE/FORM |
| Genre/form data or focus term |
Electronic books. |
| 700 1# - ADDED ENTRY--PERSONAL NAME |
| Personal name |
Baraldi, Claudio, |
| Relator term |
contributor. |
| Relator code |
ctb |
| -- |
https://id.loc.gov/vocabulary/relators/ctb |
| 700 1# - ADDED ENTRY--PERSONAL NAME |
| Personal name |
Corsi, Giancarlo, |
| Relator term |
author. |
| Relator code |
aut |
| -- |
http://id.loc.gov/vocabulary/relators/aut |
| 700 1# - ADDED ENTRY--PERSONAL NAME |
| Personal name |
Corsi, Giancarlo, |
| Relator term |
contributor. |
| Relator code |
ctb |
| -- |
https://id.loc.gov/vocabulary/relators/ctb |
| 700 1# - ADDED ENTRY--PERSONAL NAME |
| Personal name |
Esposito, Elena, |
| Relator term |
author. |
| Relator code |
aut |
| -- |
http://id.loc.gov/vocabulary/relators/aut |
| 700 1# - ADDED ENTRY--PERSONAL NAME |
| Personal name |
Esposito, Elena, |
| Relator term |
contributor. |
| Relator code |
ctb |
| -- |
https://id.loc.gov/vocabulary/relators/ctb |
| 700 1# - ADDED ENTRY--PERSONAL NAME |
| Personal name |
Luhmann, Niklas, |
| Relator term |
contributor. |
| Relator code |
ctb |
| -- |
https://id.loc.gov/vocabulary/relators/ctb |
| 700 1# - ADDED ENTRY--PERSONAL NAME |
| Personal name |
Walker, Katherine. |
| 856 40 - ELECTRONIC LOCATION AND ACCESS |
| Uniform Resource Identifier |
<a href="https://www.jstor.org/stable/10.2307/j.ctv2f9xsr5">https://www.jstor.org/stable/10.2307/j.ctv2f9xsr5</a> |
| 942 ## - ADDED ENTRY ELEMENTS (KOHA) |
| Source of classification or shelving scheme |
Library of Congress Classification |
| Koha item type |
E-Book |
| 994 ## - |
| -- |
92 |
| -- |
PHURS |